Statistics for Anden verdenskrig timestamps

Click here to take the quiz!

General Stats

  • This quiz has been taken 50 times
  • The average score is 14 of 15

Answer Stats

HintAnswer% Correct
Hvilket årstal blev Polen invaderet?1939
100%
Hvilket årstal blev Danmark invaderet?1940
100%
Hvilket årstal blev Frankrig invaderet?1940
100%
Hvilket årstal blev Norge invaderet?1940
100%
Hvilket årstal blev Belgien invaderet?1940
100%
Hvilket årstal blev Holland invaderet?1940
100%
Hvilket årstal kapitulerede Tyskland?1945
100%
Hvornår kapitulerede Japan?1945
100%
Hvilket årstal blev Sovjetunionen invaderet?1941
97%
Hvilket årstal kapitulerede Italien?1944
97%
D-DAY årstal?1944
97%
Tysklands diktator under Anden verdenskrig?Adolf Hitler
95%
Invasionen af Kina (Årstal)1937
76%
Italiens diktator under Anden verdenskrig?Benito Mussolini
59%
Kendt tysk strategi?Blitzkrieg
46%

Score Distribution

Percentile by Number Answered

Percent of People with Each Score

Your Score History

You have not taken this quiz